| 000 | 00704nas a2200229 4500 | ||
|---|---|---|---|
| 001 | BR9405083 | ||
| 003 | BR-BrBNA | ||
| 005 | 20231205093641.0 | ||
| 007 | ta | ||
| 008 | 230509b bl.|||p| |||| 00| 00por d | ||
| 040 |
_aBR-BrBNA _bpor _cBiblioteca Nacional de Agricultura |
||
| 041 | _a(Pt) | ||
| 072 | _aB50; L01 | ||
| 100 | 1 | _aMachado, D.P. | |
| 245 | 1 | _aHistoria do Rio Grande do Sul: origem e formacao da pecuaria Riograndense | |
| 650 | _aHistoria | ||
| 650 | _aPecuaria | ||
| 650 | _aRio Grande do Sul | ||
| 773 | 0 |
_tBoletim da Diretoria da Producao Animal (Brazil) _x _g(Sep 1952), v. 8(14 Suppl.) p. 140-142 _wBR9405083 |
|
| 909 |
_a202311 _bLúcia _c55 _dLúcia Elande |
||
| 942 |
_2AGRIS _n0 _cANA |
||
| 999 |
_c139673 _d139673 |
||